000 00319 a2200109 4500
001 ART_25993
005 20260410161727.0
008 260409a
245 1 0 _aPlaneamiento y motivación
100 1 _aHampton, David R.
773 0 _tAdministración de empresas
_g- Año 6, Nº 68 (nov. 1975)
_wREV2036
999 _c17530
_d17530